Southville International School and Colleges
Your cart is empty.
  • Cart
  • Lists
    Public lists Eva Luna New books Lux_list list_1
    Your lists Log in to create your own lists
  • Log in to your account
  • Your cookies
  • Search history
Southville International School and Colleges
  • Advanced search
  • Recent comments
  • Most popular
  • Libraries

Log in to your account

Log in with GOOGLE


If you do not have an external account, but do have a local account, you can still log in:

  1. Home
  2. MARC view: Student's manual on the constitution
Normal view MARC view ISBD view

Student's manual on the constitution (Record no. 364765)

[ view plain ]
MARC details
000 -LEADER
fixed length control field 00524nam a22001697a 4500
003 - CONTROL NUMBER IDENTIFIER
control field 0
005 - DATE AND TIME OF LATEST TRANSACTION
control field 20220804133116.0
008 - FIXED-LENGTH DATA ELEMENTS--GENERAL INFORMATION
fixed length control field 220804b xxu||||| |||| 00| 0 eng d
020 ## - INTERNATIONAL STANDARD BOOK NUMBER
International Standard Book Number 978-971-23-9259-7
050 ## - LIBRARY OF CONGRESS CALL NUMBER
Classification number KF5624.1
Item number .D35 2019
245 ## - TITLE STATEMENT
Title Student's manual on the constitution
Statement of responsibility, etc Hector S. De Leon; Hector M. De Leon, Jr.
260 ## - PUBLICATION, DISTRIBUTION, ETC. (IMPRINT)
Place of publication, distribution, etc Manila
Name of publisher, distributor, etc Rex book store Inc.,
Date of publication, distribution, etc 2019
300 ## - PHYSICAL DESCRIPTION
Extent xxx,375pp.
Dimensions 23cm.
Type of unit Book
500 ## - GENERAL NOTE
General note Philippine--constitutional law.
500 ## - GENERAL NOTE
General note Hand book, manuals, etc..
942 ## - ADDED ENTRY ELEMENTS (KOHA)
Source of classification or shelving scheme Library of Congress Classification
Koha item type Books
Holdings
Withdrawn status Lost status Source of classification or shelving scheme Damaged status Home library Current library Shelving location Date acquired Source of acquisition Sub Shelving location Total Checkouts Full call number Barcode Date last seen Price effective from Koha item type
    Library of Congress Classification   College Library College Library Filipiniana Section 08/04/2022 Library Fund     KF5624.1 .D35 2019 C22795 08/04/2022 08/04/2022 Books
    Library of Congress Classification   College Library College Library Filipiniana Section 08/04/2022 Library Fund     KF5624.1 .D35 2019 C22796 08/04/2022 08/04/2022 Books
    Library of Congress Classification   College Library College Library Filipiniana Section 08/04/2022 Library Fund     KF5624.1 .D35 2019 C22800 08/04/2022 08/04/2022 Books

Student's manual on the constitution

APA

(2019). Student's manual on the constitution. Manila: Rex book store Inc.

Chicago

2019. Student's manual on the constitution. Manila: Rex book store Inc.

Harvard

(2019). Student's manual on the constitution. Manila: Rex book store Inc.

MLA

Student's manual on the constitution. Manila: Rex book store Inc. 2019.

  • Place hold
  • Print
  • Cite
  • Add to your cart (remove)
  • Save record
    BIBTEX Dublin Core MARCXML MARC (non-Unicode/MARC-8) MARC (Unicode/UTF-8) MARC (Unicode/UTF-8, Standard) MODS (XML) RIS
  • More searches
    Search for this title in:
    Other Libraries (WorldCat) Other Databases (Google Scholar) Online Stores (Bookfinder.com) Open Library (openlibrary.org)

Exporting to Dublin Core...

SOUTHVILLE LIBRARY

Southville International School and Colleges Library

1281 Tropical Ave. Cor. Luxembourg St., BF Homes International, Las Pinas City

Tel. No. 8256374 / 252358 Loc. 117/146

Powered by Koha